Fr. Conceicao Rodrigues College of Engineering

Materials management (Record no. 34060)

MARC details
000 -LEADER
fixed length control field 00284nam a2200133Ia 4500
082 ## - DEWEY DECIMAL CLASSIFICATION NUMBER
Classification number 658.7
100 ## - MAIN ENTRY--PERSONAL NAME
Personal name Saboo/ K.K/ Narula/ R.K.
245 ## - TITLE STATEMENT
Title Materials management
260 ## - PUBLICATION, DISTRIBUTION, ETC.
Name of publisher, distributor, etc. Udh pub.
Place of publication, distribution, etc. Delhi
Date of publication, distribution, etc. 1981
300 ## - PHYSICAL DESCRIPTION
Extent 224
546 ## - LANGUAGE NOTE
Language note ENGLISH
654 ## - SUBJECT ADDED ENTRY--FACETED TOPICAL TERMS
Focus term Management
942 ## - ADDED ENTRY ELEMENTS (KOHA)
Koha item type BOOK
Holdings
Withdrawn status Lost status Damaged status Not for loan Collection Home library Current library Shelving location Date acquired Source of acquisition Cost, normal purchase price Inventory number Total Checkouts Full call number Barcode Date last seen Cost, replacement price Price effective from Koha item type
        AFT Fr. Agnel's C.Rodrigues College of Engineering Fr. Agnel's C.Rodrigues College of Engineering   17/03/2023 PBD 25.00 333   658.7 AFT2921 17/03/2023 25.00 17/03/2023 BOOK